000 00565nam a22001817a 4500
999 _c15330
_d15330
003 AR-CdUCM
008 190426b ||||| |||| 00| 0 spa d
020 _a978-6124-510-52-6
040 _aMUNICIPALIDAD PROVINCIAL DEL CUSCO
_cBIBLIOTECA MUNICIPAL DEL CUSCO
082 _aEP / 869.56 /
_bP95
110 _aAsociación pukllasunchis
_92457
245 _aApu /
260 _aCusco :
_bAsociación pukllasunchis,
_c2009.
300 _a69 páginas ;
_bIlustraciones,
_c21 cm.
650 _aLiteratura infantil
_9588
942 _2ddc
_cLIBROS
945 _aacv
_d2019-04-26